Szczegóły MARC21

Prace Instytutu Morskiego /

001 -Numer kontrolny rekordu [,]
    • @
    • pole kontrolne
    • zz2007849540
005 -Data i czas ostatniej zmiany [,]
    • @
    • Data ostatniej zmiany
    • 20260413132710.0
022 -Międzynarodowy Znormalizowany Numer Wydawnictwa Ciągłego - ISSN [ , ]
    • a
    • International Standard Serial Number
    • 0239-5886
035 -Inne numery kontrolne [ , ]
    • a
    • Numer kontrolny
    • (OCoLC)169902898
035 -Inne numery kontrolne [ , ]
    • a
    • Numer kontrolny
    • (NUKAT)zz2007849540
040 -Instytucja sporządzająca opis [ , ]
    • a
    • Instytucja, która sporządziła opis (NP)
    • GD U/KK
    • c
    • Instytucja, która sporządziła rekord (NP)
    • GD U/KK
    • d
    • Instytucja, która zmodyfikowała rekord (P)
    • GL 001/TG
041 -Język dokumentu [0, ]
    • a
    • Język tekstu (P)
    • polski
    • b
    • Język streszczeń(P)
    • rosyjski
    • b
    • Język streszczeń(P)
    • angielski
942 -Rodzaj dokumentu [ , ]
    • c
    • Rodzaj dokumentu
    • Wydaw. ciągłe w tym czasopisma
210 -Skrót tytułu [1, ]
    • a
    • Skrót tytułu
    • Pr. Inst. Mor.
222 -Tytuł kluczowy [ ,0]
    • a
    • Tytuł kluczowy
    • Prace Instytutu Morskiego
245 -Strefa tytułu i oznaczenia odpowiedzialności [0,0]
    • a
    • Tytuł
    • Prace Instytutu Morskiego /
    • c
    • Pozostałe elementy strefy tytułu i oznaczenia odpowiedzialności (NP)
    • Ministerstwo Żeglugi.
260 -Strefa adresu wydawniczego [ , ]
    • a
    • Miejsce wydania (P)
    • Gdańsk :
    • b
    • Nazwa wydawcy (P)
    • Wydawnictwa Komunikacyjne w Warszawie,
    • c
    • Data wydania (P)
    • 1956-.
300 -Strefa opisu fizycznego [ , ]
    • c
    • Format (NP)
    • 30 cm.
310 -Częstotliwość [ , ]
    • a
    • Częstotliwość
    • Niereg.
362 -Strefa numeracji [0, ]
    • a
    • Strefa numeracji
    • Nr 5 (1956)-.
500 -Uwaga ogólna [ , ]
    • a
    • Uwaga ogólna (NP)
    • Ostatni znany nr 11 (1958).
546 -Uwaga dot. języka [ , ]
    • a
    • Uwaga dot. języka
    • Tekst pol., streszcz. ros., ang.
610 -SUBJECT ADDED ENTRY--CORPORATE NAME [2,7]
    • a
    • Corporate name or jurisdiction name as entry element
    • Instytut Morski (Gdańsk)
650 -Hasło przedmiotowe - nazwa pospolita [ ,7]
    • a
    • Hasło przedmiotowe
    • Geografia i nauki o Ziemi
650 -Hasło przedmiotowe - nazwa pospolita [ ,7]
    • a
    • Hasło przedmiotowe
    • Gospodarka wodna
650 -Hasło przedmiotowe - nazwa pospolita [ ,7]
    • a
    • Hasło przedmiotowe
    • Morza
650 -Hasło przedmiotowe - nazwa pospolita [ ,7]
    • a
    • Hasło przedmiotowe
    • Transport
655 -INDEX TERM--GENRE/FORM [ ,7]
    • a
    • Genre/form data or focus term
    • Czasopismo fachowe
655 -INDEX TERM--GENRE/FORM [ ,7]
    • a
    • Genre/form data or focus term
    • Czasopismo naukowe
655 -INDEX TERM--GENRE/FORM [ ,7]
    • a
    • Genre/form data or focus term
    • Czasopismo polskie
710 -Hasło dodatkowe - nazwa ciała zbiorowego [1, ]
    • a
    • Nazwa ciała zbiorowego lub nazwa geograficzna jako pierwszy element (NP)
    • Polska.
    • b
    • Nazwa jednostki podrzędnej (P)
    • Ministerstwo Żeglugi.
710 -Hasło dodatkowe - nazwa ciała zbiorowego [1, ]
    • a
    • Nazwa ciała zbiorowego lub nazwa geograficzna jako pierwszy element (NP)
    • Polska.
    • b
    • Nazwa jednostki podrzędnej (P)
    • Ministerstwo Żeglugi i Gospodarki Wodnej.
710 -Hasło dodatkowe - nazwa ciała zbiorowego [2, ]
    • a
    • Nazwa ciała zbiorowego lub nazwa geograficzna jako pierwszy element (NP)
    • Wydawnictwa Komunikacyjne.
    • 4
    • Określenie rodzaju współpracy
    • pbl
780 -Tytuł poprzedni wydawnictwa [0,0]
    • t
    • Title
    • Prace Morskiego Instytutu Technicznego w Gdańsku
    • g
    • Relationship information
    • Nr 1 (1951)-nr 4 (1954)
    • w
    • Record control number
    • (NUKAT)zz2007849539
866 -Niesformalizowane zestawienie zasobów [4,0]
    • 1
    • Numer porządkowy egz.
    • 1
    • 8
    • Numer przyłączenia i sekwencyjny
    • 0
852 -Numer inwentarzowy [ , ]
    • 1
    • Numer porządkowy egz.
    • 1
    • a
    • Lokalizacja siglum biblioteki
    • SZCZ U
952 -Egzemplarz [ , ]
    • a
    • Numer inwentarzowy
    • SAc.2081
    • c
    • Sygnatura
    • SAc.2081
    • d
    • Lokalizacja
    • BSA Biblioteka Wydziału Prawa i Administracji im. prof. Stanisława Czepity
    • g
    • Ubytek
    • 5/2018 - 2018-07-16
    • i
    • Nr tomu wydaw.cg
    • 701 (1989)
    • p
    • Kod kreskowy
    • 2004800020815
    • r
    • Cena
    • 0.00
    • v
    • Data wprowadzenia opisu
    • 2026-04-14
952 -Egzemplarz [ , ]
    • a
    • Numer inwentarzowy
    • Ec.2131
    • c
    • Sygnatura
    • Ec.1840
    • d
    • Lokalizacja
    • BE Biblioteka Ekonomiczna
    • g
    • Ubytek
    • 1/2010 - 2010-09-21
    • p
    • Kod kreskowy
    • 2003200021316
    • v
    • Data wprowadzenia opisu
    • 2026-04-23
    • y
    • Status udostępniania
    • Zaginiona
952 -Egzemplarz [ , ]
    • a
    • Numer inwentarzowy
    • Ec.25688
    • c
    • Sygnatura
    • Ec.1840
    • d
    • Lokalizacja
    • BE Biblioteka Ekonomiczna
    • i
    • Nr tomu wydaw.cg
    • 405 cz.1 (1967)
    • p
    • Kod kreskowy
    • 2003200256886
    • v
    • Data wprowadzenia opisu
    • 2026-04-23
    • y
    • Status udostępniania
    • Tylko na miejscu
952 -Egzemplarz [ , ]
    • a
    • Numer inwentarzowy
    • Ec.25689
    • c
    • Sygnatura
    • Ec.1840
    • d
    • Lokalizacja
    • BE Biblioteka Ekonomiczna
    • i
    • Nr tomu wydaw.cg
    • 405 cz.2 (1967)
    • p
    • Kod kreskowy
    • 2003200256893
    • v
    • Data wprowadzenia opisu
    • 2026-04-23
    • y
    • Status udostępniania
    • Tylko na miejscu
952 -Egzemplarz [ , ]
    • a
    • Numer inwentarzowy
    • Ec.25690
    • c
    • Sygnatura
    • Ec.1840
    • d
    • Lokalizacja
    • BE Biblioteka Ekonomiczna
    • i
    • Nr tomu wydaw.cg
    • 405 cz.3 (1967)
    • p
    • Kod kreskowy
    • 2003200256909
    • v
    • Data wprowadzenia opisu
    • 2026-04-23
    • y
    • Status udostępniania
    • Tylko na miejscu
952 -Egzemplarz [ , ]
    • a
    • Numer inwentarzowy
    • Ec.25691
    • c
    • Sygnatura
    • Ec.1840
    • d
    • Lokalizacja
    • BE Biblioteka Ekonomiczna
    • i
    • Nr tomu wydaw.cg
    • 406 cz.1 (1967)
    • p
    • Kod kreskowy
    • 2003200256916
    • v
    • Data wprowadzenia opisu
    • 2026-04-23
    • y
    • Status udostępniania
    • Tylko na miejscu
952 -Egzemplarz [ , ]
    • a
    • Numer inwentarzowy
    • Ec.25692
    • c
    • Sygnatura
    • Ec.1840
    • d
    • Lokalizacja
    • BE Biblioteka Ekonomiczna
    • i
    • Nr tomu wydaw.cg
    • 406 cz.4 (1971)
    • p
    • Kod kreskowy
    • 2003200256923
    • v
    • Data wprowadzenia opisu
    • 2026-04-23
    • y
    • Status udostępniania
    • Tylko na miejscu
952 -Egzemplarz [ , ]
    • a
    • Numer inwentarzowy
    • Ec.25693
    • c
    • Sygnatura
    • Ec.1840
    • d
    • Lokalizacja
    • BE Biblioteka Ekonomiczna
    • i
    • Nr tomu wydaw.cg
    • 406 cz.5 (1971)
    • p
    • Kod kreskowy
    • 2003200256930
    • v
    • Data wprowadzenia opisu
    • 2026-04-23
    • y
    • Status udostępniania
    • Tylko na miejscu
952 -Egzemplarz [ , ]
    • a
    • Numer inwentarzowy
    • Ec.31222
    • c
    • Sygnatura
    • Ec.1840
    • d
    • Lokalizacja
    • BE Biblioteka Ekonomiczna
    • i
    • Nr tomu wydaw.cg
    • 407 (1967)
    • p
    • Kod kreskowy
    • 2003200312223
    • v
    • Data wprowadzenia opisu
    • 2026-04-23
    • y
    • Status udostępniania
    • Tylko na miejscu
952 -Egzemplarz [ , ]
    • a
    • Numer inwentarzowy
    • Ec.25694
    • c
    • Sygnatura
    • Ec.1840
    • d
    • Lokalizacja
    • BE Biblioteka Ekonomiczna
    • i
    • Nr tomu wydaw.cg
    • 424 (1967)
    • p
    • Kod kreskowy
    • 2003200256947
    • v
    • Data wprowadzenia opisu
    • 2026-04-23
    • y
    • Status udostępniania
    • Tylko na miejscu
952 -Egzemplarz [ , ]
    • a
    • Numer inwentarzowy
    • Ec.25695
    • c
    • Sygnatura
    • Ec.1840
    • d
    • Lokalizacja
    • BE Biblioteka Ekonomiczna
    • i
    • Nr tomu wydaw.cg
    • 425 (1968)
    • p
    • Kod kreskowy
    • 2003200256954
    • v
    • Data wprowadzenia opisu
    • 2026-04-23
    • y
    • Status udostępniania
    • Tylko na miejscu
952 -Egzemplarz [ , ]
    • a
    • Numer inwentarzowy
    • Ec.31223
    • c
    • Sygnatura
    • Ec.25697
    • d
    • Lokalizacja
    • BE Biblioteka Ekonomiczna
    • i
    • Nr tomu wydaw.cg
    • 440 (1968)
    • p
    • Kod kreskowy
    • 2003200312230
    • v
    • Data wprowadzenia opisu
    • 2026-04-23
    • y
    • Status udostępniania
    • Tylko na miejscu
952 -Egzemplarz [ , ]
    • a
    • Numer inwentarzowy
    • Ec.25697
    • c
    • Sygnatura
    • Ec1840
    • d
    • Lokalizacja
    • BE Biblioteka Ekonomiczna
    • i
    • Nr tomu wydaw.cg
    • 441 (1969)
    • p
    • Kod kreskowy
    • 2003200256978
    • v
    • Data wprowadzenia opisu
    • 2026-04-23
    • y
    • Status udostępniania
    • Tylko na miejscu
952 -Egzemplarz [ , ]
    • a
    • Numer inwentarzowy
    • Ec.25698
    • c
    • Sygnatura
    • Ec.1840
    • d
    • Lokalizacja
    • BE Biblioteka Ekonomiczna
    • i
    • Nr tomu wydaw.cg
    • 461 (1968)
    • p
    • Kod kreskowy
    • 2003200256985
    • v
    • Data wprowadzenia opisu
    • 2026-04-23
    • y
    • Status udostępniania
    • Tylko na miejscu
952 -Egzemplarz [ , ]
    • a
    • Numer inwentarzowy
    • Ec.25699
    • c
    • Sygnatura
    • Ec.1840
    • d
    • Lokalizacja
    • BE Biblioteka Ekonomiczna
    • i
    • Nr tomu wydaw.cg
    • 472 (1968)
    • p
    • Kod kreskowy
    • 2003200256992
    • v
    • Data wprowadzenia opisu
    • 2026-04-23
    • y
    • Status udostępniania
    • Tylko na miejscu
952 -Egzemplarz [ , ]
    • a
    • Numer inwentarzowy
    • Ec.25700
    • c
    • Sygnatura
    • Ec.1840
    • d
    • Lokalizacja
    • BE Biblioteka Ekonomiczna
    • i
    • Nr tomu wydaw.cg
    • 476 (1968)
    • p
    • Kod kreskowy
    • 2003200257005
    • v
    • Data wprowadzenia opisu
    • 2026-04-23
    • y
    • Status udostępniania
    • Tylko na miejscu
952 -Egzemplarz [ , ]
    • a
    • Numer inwentarzowy
    • Ec.25701
    • c
    • Sygnatura
    • Ec1840
    • d
    • Lokalizacja
    • BE Biblioteka Ekonomiczna
    • i
    • Nr tomu wydaw.cg
    • 489 (1968)
    • p
    • Kod kreskowy
    • 2003200257012
    • v
    • Data wprowadzenia opisu
    • 2026-04-23
    • y
    • Status udostępniania
    • Tylko na miejscu
952 -Egzemplarz [ , ]
    • a
    • Numer inwentarzowy
    • Ec.25702
    • c
    • Sygnatura
    • Ec.1840
    • d
    • Lokalizacja
    • BE Biblioteka Ekonomiczna
    • i
    • Nr tomu wydaw.cg
    • 498 (1968)
    • p
    • Kod kreskowy
    • 2003200257029
    • v
    • Data wprowadzenia opisu
    • 2026-04-23
    • y
    • Status udostępniania
    • Tylko na miejscu
952 -Egzemplarz [ , ]
    • a
    • Numer inwentarzowy
    • Ec.25703
    • c
    • Sygnatura
    • Ec1840
    • d
    • Lokalizacja
    • BE Biblioteka Ekonomiczna
    • i
    • Nr tomu wydaw.cg
    • 507 (1969)
    • p
    • Kod kreskowy
    • 2003200257036
    • v
    • Data wprowadzenia opisu
    • 2026-04-23
    • y
    • Status udostępniania
    • Tylko na miejscu
952 -Egzemplarz [ , ]
    • a
    • Numer inwentarzowy
    • Ec.25704
    • c
    • Sygnatura
    • Ec.1840
    • d
    • Lokalizacja
    • BE Biblioteka Ekonomiczna
    • i
    • Nr tomu wydaw.cg
    • 519 z.1 (1970)
    • p
    • Kod kreskowy
    • 2003200257043
    • v
    • Data wprowadzenia opisu
    • 2026-04-23
    • y
    • Status udostępniania
    • Tylko na miejscu
952 -Egzemplarz [ , ]
    • a
    • Numer inwentarzowy
    • Ec.25705
    • c
    • Sygnatura
    • Ec.1840
    • d
    • Lokalizacja
    • BE Biblioteka Ekonomiczna
    • i
    • Nr tomu wydaw.cg
    • 519 z.2 (1971)
    • p
    • Kod kreskowy
    • 2003200257050
    • v
    • Data wprowadzenia opisu
    • 2026-04-23
    • y
    • Status udostępniania
    • Tylko na miejscu
952 -Egzemplarz [ , ]
    • a
    • Numer inwentarzowy
    • Ec.25706
    • c
    • Sygnatura
    • Ec.1840
    • d
    • Lokalizacja
    • BE Biblioteka Ekonomiczna
    • i
    • Nr tomu wydaw.cg
    • 519 z.3 (1972)
    • p
    • Kod kreskowy
    • 2003200257067
    • v
    • Data wprowadzenia opisu
    • 2026-04-23
    • y
    • Status udostępniania
    • Tylko na miejscu
952 -Egzemplarz [ , ]
    • a
    • Numer inwentarzowy
    • Ec.25707
    • c
    • Sygnatura
    • Ec.1840
    • d
    • Lokalizacja
    • BE Biblioteka Ekonomiczna
    • i
    • Nr tomu wydaw.cg
    • 519 z.4 (1973)
    • p
    • Kod kreskowy
    • 2003200257074
    • v
    • Data wprowadzenia opisu
    • 2026-04-23
    • y
    • Status udostępniania
    • Tylko na miejscu
952 -Egzemplarz [ , ]
    • a
    • Numer inwentarzowy
    • Ec.25708
    • c
    • Sygnatura
    • Ec.1840
    • d
    • Lokalizacja
    • BE Biblioteka Ekonomiczna
    • i
    • Nr tomu wydaw.cg
    • 519 z.5 (1971)
    • p
    • Kod kreskowy
    • 2003200257081
    • v
    • Data wprowadzenia opisu
    • 2026-04-23
    • y
    • Status udostępniania
    • Tylko na miejscu
952 -Egzemplarz [ , ]
    • a
    • Numer inwentarzowy
    • Ec.25709
    • c
    • Sygnatura
    • Ec.1840
    • d
    • Lokalizacja
    • BE Biblioteka Ekonomiczna
    • i
    • Nr tomu wydaw.cg
    • 519 z.6 (1972)
    • p
    • Kod kreskowy
    • 2003200257098
    • v
    • Data wprowadzenia opisu
    • 2026-04-23
    • y
    • Status udostępniania
    • Tylko na miejscu
952 -Egzemplarz [ , ]
    • a
    • Numer inwentarzowy
    • Ec.25710
    • c
    • Sygnatura
    • Ec.1840
    • d
    • Lokalizacja
    • BE Biblioteka Ekonomiczna
    • i
    • Nr tomu wydaw.cg
    • 519 z.7 (1971)
    • p
    • Kod kreskowy
    • 2003200257104
    • v
    • Data wprowadzenia opisu
    • 2026-04-23
    • y
    • Status udostępniania
    • Tylko na miejscu
952 -Egzemplarz [ , ]
    • a
    • Numer inwentarzowy
    • Ec.25711
    • c
    • Sygnatura
    • Ec.1840
    • d
    • Lokalizacja
    • BE Biblioteka Ekonomiczna
    • i
    • Nr tomu wydaw.cg
    • 519 z.8 (1971)
    • p
    • Kod kreskowy
    • 2003200257111
    • v
    • Data wprowadzenia opisu
    • 2026-04-23
    • y
    • Status udostępniania
    • Tylko na miejscu
952 -Egzemplarz [ , ]
    • a
    • Numer inwentarzowy
    • Ec.25712
    • c
    • Sygnatura
    • Ec.1840
    • d
    • Lokalizacja
    • BE Biblioteka Ekonomiczna
    • i
    • Nr tomu wydaw.cg
    • 519 z.9 (1971)
    • p
    • Kod kreskowy
    • 2003200257128
    • v
    • Data wprowadzenia opisu
    • 2026-04-23
    • y
    • Status udostępniania
    • Tylko na miejscu
952 -Egzemplarz [ , ]
    • a
    • Numer inwentarzowy
    • Ec.25713
    • c
    • Sygnatura
    • Ec.1840
    • d
    • Lokalizacja
    • BE Biblioteka Ekonomiczna
    • i
    • Nr tomu wydaw.cg
    • 519 z.10 (1973)
    • p
    • Kod kreskowy
    • 2003200257135
    • v
    • Data wprowadzenia opisu
    • 2026-04-23
    • y
    • Status udostępniania
    • Tylko na miejscu
952 -Egzemplarz [ , ]
    • a
    • Numer inwentarzowy
    • Ec.25714
    • c
    • Sygnatura
    • Ec.1840
    • d
    • Lokalizacja
    • BE Biblioteka Ekonomiczna
    • i
    • Nr tomu wydaw.cg
    • 530 (1969)
    • p
    • Kod kreskowy
    • 2003200257142
    • v
    • Data wprowadzenia opisu
    • 2026-04-23
    • y
    • Status udostępniania
    • Tylko na miejscu
952 -Egzemplarz [ , ]
    • a
    • Numer inwentarzowy
    • Ec.25715
    • c
    • Sygnatura
    • Ec.1840
    • d
    • Lokalizacja
    • BE Biblioteka Ekonomiczna
    • i
    • Nr tomu wydaw.cg
    • 538 (1968)
    • p
    • Kod kreskowy
    • 2003200257159
    • v
    • Data wprowadzenia opisu
    • 2026-04-23
    • y
    • Status udostępniania
    • Tylko na miejscu
952 -Egzemplarz [ , ]
    • a
    • Numer inwentarzowy
    • Ec.25716
    • c
    • Sygnatura
    • Ec.1840
    • d
    • Lokalizacja
    • BE Biblioteka Ekonomiczna
    • i
    • Nr tomu wydaw.cg
    • 547 (1969)
    • p
    • Kod kreskowy
    • 2003200257166
    • v
    • Data wprowadzenia opisu
    • 2026-04-23
    • y
    • Status udostępniania
    • Tylko na miejscu
952 -Egzemplarz [ , ]
    • a
    • Numer inwentarzowy
    • Ec.25717
    • c
    • Sygnatura
    • Ec.1840
    • d
    • Lokalizacja
    • BE Biblioteka Ekonomiczna
    • i
    • Nr tomu wydaw.cg
    • 550 (1969)
    • p
    • Kod kreskowy
    • 2003200257173
    • v
    • Data wprowadzenia opisu
    • 2026-04-23
    • y
    • Status udostępniania
    • Tylko na miejscu
952 -Egzemplarz [ , ]
    • a
    • Numer inwentarzowy
    • Ec.25718
    • c
    • Sygnatura
    • Ec.1840
    • d
    • Lokalizacja
    • BE Biblioteka Ekonomiczna
    • i
    • Nr tomu wydaw.cg
    • 551 (1969)
    • p
    • Kod kreskowy
    • 2003200257180
    • v
    • Data wprowadzenia opisu
    • 2026-04-23
    • y
    • Status udostępniania
    • Tylko na miejscu
952 -Egzemplarz [ , ]
    • a
    • Numer inwentarzowy
    • Ec.31225
    • c
    • Sygnatura
    • Ec.1840
    • d
    • Lokalizacja
    • BE Biblioteka Ekonomiczna
    • i
    • Nr tomu wydaw.cg
    • 552 (1969)
    • p
    • Kod kreskowy
    • 2003200312254
    • v
    • Data wprowadzenia opisu
    • 2026-04-23
    • y
    • Status udostępniania
    • Tylko na miejscu
952 -Egzemplarz [ , ]
    • a
    • Numer inwentarzowy
    • Ec.25719
    • c
    • Sygnatura
    • Ec.1840
    • d
    • Lokalizacja
    • BE Biblioteka Ekonomiczna
    • i
    • Nr tomu wydaw.cg
    • 553 (1969)
    • p
    • Kod kreskowy
    • 2003200257197
    • v
    • Data wprowadzenia opisu
    • 2026-04-23
    • y
    • Status udostępniania
    • Tylko na miejscu
952 -Egzemplarz [ , ]
    • a
    • Numer inwentarzowy
    • Ec.25720
    • c
    • Sygnatura
    • Ec.1840
    • d
    • Lokalizacja
    • BE Biblioteka Ekonomiczna
    • i
    • Nr tomu wydaw.cg
    • 554 (1969)
    • p
    • Kod kreskowy
    • 2003200257203
    • v
    • Data wprowadzenia opisu
    • 2026-04-23
    • y
    • Status udostępniania
    • Tylko na miejscu
952 -Egzemplarz [ , ]
    • a
    • Numer inwentarzowy
    • Ec.25721
    • c
    • Sygnatura
    • Ec.1840
    • d
    • Lokalizacja
    • BE Biblioteka Ekonomiczna
    • i
    • Nr tomu wydaw.cg
    • 555 (1970)
    • p
    • Kod kreskowy
    • 2003200257210
    • v
    • Data wprowadzenia opisu
    • 2026-04-23
    • y
    • Status udostępniania
    • Tylko na miejscu
952 -Egzemplarz [ , ]
    • a
    • Numer inwentarzowy
    • Ec.25722
    • c
    • Sygnatura
    • Ec.1840
    • d
    • Lokalizacja
    • BE Biblioteka Ekonomiczna
    • i
    • Nr tomu wydaw.cg
    • 556 (1970)
    • p
    • Kod kreskowy
    • 2003200257227
    • v
    • Data wprowadzenia opisu
    • 2026-04-23
    • y
    • Status udostępniania
    • Tylko na miejscu
952 -Egzemplarz [ , ]
    • a
    • Numer inwentarzowy
    • Ec.25779
    • c
    • Sygnatura
    • Ec.1840
    • d
    • Lokalizacja
    • BE Biblioteka Ekonomiczna
    • i
    • Nr tomu wydaw.cg
    • 577 (1970)
    • p
    • Kod kreskowy
    • 2003200257791
    • v
    • Data wprowadzenia opisu
    • 2026-04-23
    • y
    • Status udostępniania
    • Tylko na miejscu
952 -Egzemplarz [ , ]
    • a
    • Numer inwentarzowy
    • Ec.25723
    • c
    • Sygnatura
    • Ec.1840
    • d
    • Lokalizacja
    • BE Biblioteka Ekonomiczna
    • i
    • Nr tomu wydaw.cg
    • 558 (1970)
    • p
    • Kod kreskowy
    • 2003200257234
    • v
    • Data wprowadzenia opisu
    • 2026-04-23
    • y
    • Status udostępniania
    • Tylko na miejscu
952 -Egzemplarz [ , ]
    • a
    • Numer inwentarzowy
    • Ec.25724
    • c
    • Sygnatura
    • Ec.1840
    • d
    • Lokalizacja
    • BE Biblioteka Ekonomiczna
    • i
    • Nr tomu wydaw.cg
    • 559 (1970)
    • p
    • Kod kreskowy
    • 2003200257241
    • v
    • Data wprowadzenia opisu
    • 2026-04-23
    • y
    • Status udostępniania
    • Tylko na miejscu
952 -Egzemplarz [ , ]
    • a
    • Numer inwentarzowy
    • Ec.25725
    • c
    • Sygnatura
    • Ec.1840
    • d
    • Lokalizacja
    • BE Biblioteka Ekonomiczna
    • i
    • Nr tomu wydaw.cg
    • 561 (1970)
    • p
    • Kod kreskowy
    • 2003200257258
    • v
    • Data wprowadzenia opisu
    • 2026-04-23
    • y
    • Status udostępniania
    • Tylko na miejscu
952 -Egzemplarz [ , ]
    • a
    • Numer inwentarzowy
    • Ec.31226
    • c
    • Sygnatura
    • Ec.1840
    • d
    • Lokalizacja
    • BE Biblioteka Ekonomiczna
    • i
    • Nr tomu wydaw.cg
    • 560 (1971)
    • p
    • Kod kreskowy
    • 2003200312261
    • v
    • Data wprowadzenia opisu
    • 2026-04-23
    • y
    • Status udostępniania
    • Tylko na miejscu
952 -Egzemplarz [ , ]
    • a
    • Numer inwentarzowy
    • Ec.25726
    • c
    • Sygnatura
    • Ec.1840
    • d
    • Lokalizacja
    • BE Biblioteka Ekonomiczna
    • i
    • Nr tomu wydaw.cg
    • 564 (1971)
    • p
    • Kod kreskowy
    • 2003200257265
    • v
    • Data wprowadzenia opisu
    • 2026-04-23
    • y
    • Status udostępniania
    • Tylko na miejscu
952 -Egzemplarz [ , ]
    • a
    • Numer inwentarzowy
    • Ec.25727
    • c
    • Sygnatura
    • Ec.1840
    • d
    • Lokalizacja
    • BE Biblioteka Ekonomiczna
    • i
    • Nr tomu wydaw.cg
    • 565 (1971)
    • p
    • Kod kreskowy
    • 2003200257272
    • v
    • Data wprowadzenia opisu
    • 2026-04-23
    • y
    • Status udostępniania
    • Tylko na miejscu
952 -Egzemplarz [ , ]
    • a
    • Numer inwentarzowy
    • Ec.25780
    • c
    • Sygnatura
    • Ec.1840
    • d
    • Lokalizacja
    • BE Biblioteka Ekonomiczna
    • i
    • Nr tomu wydaw.cg
    • 572 (1971)
    • p
    • Kod kreskowy
    • 2003200257807
    • v
    • Data wprowadzenia opisu
    • 2026-04-23
    • y
    • Status udostępniania
    • Tylko na miejscu
952 -Egzemplarz [ , ]
    • a
    • Numer inwentarzowy
    • Ec.25781
    • c
    • Sygnatura
    • Ec.1840
    • d
    • Lokalizacja
    • BE Biblioteka Ekonomiczna
    • i
    • Nr tomu wydaw.cg
    • 574 (1971)
    • p
    • Kod kreskowy
    • 2003200257814
    • v
    • Data wprowadzenia opisu
    • 2026-04-23
    • y
    • Status udostępniania
    • Tylko na miejscu
952 -Egzemplarz [ , ]
    • a
    • Numer inwentarzowy
    • Ec.25782
    • c
    • Sygnatura
    • Ec.1840
    • d
    • Lokalizacja
    • BE Biblioteka Ekonomiczna
    • i
    • Nr tomu wydaw.cg
    • 576 (1972)
    • p
    • Kod kreskowy
    • 2003200257821
    • v
    • Data wprowadzenia opisu
    • 2026-04-23
    • y
    • Status udostępniania
    • Tylko na miejscu
952 -Egzemplarz [ , ]
    • a
    • Numer inwentarzowy
    • Ec.25728
    • c
    • Sygnatura
    • Ec.1840
    • d
    • Lokalizacja
    • BE Biblioteka Ekonomiczna
    • i
    • Nr tomu wydaw.cg
    • 578 (1972)
    • p
    • Kod kreskowy
    • 2003200257289
    • v
    • Data wprowadzenia opisu
    • 2026-04-23
    • y
    • Status udostępniania
    • Tylko na miejscu
952 -Egzemplarz [ , ]
    • a
    • Numer inwentarzowy
    • Ec.25729
    • c
    • Sygnatura
    • Ec.1840
    • d
    • Lokalizacja
    • BE Biblioteka Ekonomiczna
    • i
    • Nr tomu wydaw.cg
    • 580 (1972)
    • p
    • Kod kreskowy
    • 2003200257296
    • v
    • Data wprowadzenia opisu
    • 2026-04-23
    • y
    • Status udostępniania
    • Tylko na miejscu
952 -Egzemplarz [ , ]
    • a
    • Numer inwentarzowy
    • Ec.25730
    • c
    • Sygnatura
    • Ec.1840
    • d
    • Lokalizacja
    • BE Biblioteka Ekonomiczna
    • i
    • Nr tomu wydaw.cg
    • 581 (1972)
    • p
    • Kod kreskowy
    • 2003200257302
    • v
    • Data wprowadzenia opisu
    • 2026-04-23
    • y
    • Status udostępniania
    • Tylko na miejscu
952 -Egzemplarz [ , ]
    • a
    • Numer inwentarzowy
    • Ec.31227
    • c
    • Sygnatura
    • Ec.1840
    • d
    • Lokalizacja
    • BE Biblioteka Ekonomiczna
    • i
    • Nr tomu wydaw.cg
    • 583 (1972)
    • p
    • Kod kreskowy
    • 2003200312278
    • v
    • Data wprowadzenia opisu
    • 2026-04-23
    • y
    • Status udostępniania
    • Tylko na miejscu
952 -Egzemplarz [ , ]
    • a
    • Numer inwentarzowy
    • Ec.25783
    • c
    • Sygnatura
    • Ec.1840
    • d
    • Lokalizacja
    • BE Biblioteka Ekonomiczna
    • i
    • Nr tomu wydaw.cg
    • 586 (1972)
    • p
    • Kod kreskowy
    • 2003200257838
    • v
    • Data wprowadzenia opisu
    • 2026-04-23
    • y
    • Status udostępniania
    • Tylko na miejscu
952 -Egzemplarz [ , ]
    • a
    • Numer inwentarzowy
    • Ec.33828
    • c
    • Sygnatura
    • Ec.1840
    • d
    • Lokalizacja
    • BE Biblioteka Ekonomiczna
    • i
    • Nr tomu wydaw.cg
    • 587 (1972)
    • p
    • Kod kreskowy
    • 2003200338285
    • v
    • Data wprowadzenia opisu
    • 2026-04-23
    • y
    • Status udostępniania
    • Tylko na miejscu
952 -Egzemplarz [ , ]
    • a
    • Numer inwentarzowy
    • Ec.25731
    • c
    • Sygnatura
    • Ec.1840
    • d
    • Lokalizacja
    • BE Biblioteka Ekonomiczna
    • i
    • Nr tomu wydaw.cg
    • 589 (1972)
    • p
    • Kod kreskowy
    • 2003200257319
    • v
    • Data wprowadzenia opisu
    • 2026-04-23
    • y
    • Status udostępniania
    • Tylko na miejscu
952 -Egzemplarz [ , ]
    • a
    • Numer inwentarzowy
    • Ec.25732
    • c
    • Sygnatura
    • Ec.1840
    • d
    • Lokalizacja
    • BE Biblioteka Ekonomiczna
    • i
    • Nr tomu wydaw.cg
    • 592 (1973)
    • p
    • Kod kreskowy
    • 2003200257326
    • v
    • Data wprowadzenia opisu
    • 2026-04-23
    • y
    • Status udostępniania
    • Tylko na miejscu
952 -Egzemplarz [ , ]
    • a
    • Numer inwentarzowy
    • Ec.25733
    • c
    • Sygnatura
    • Ec.1840
    • d
    • Lokalizacja
    • BE Biblioteka Ekonomiczna
    • i
    • Nr tomu wydaw.cg
    • 596 (1973)
    • p
    • Kod kreskowy
    • 2003200257333
    • v
    • Data wprowadzenia opisu
    • 2026-04-23
    • y
    • Status udostępniania
    • Tylko na miejscu
952 -Egzemplarz [ , ]
    • a
    • Numer inwentarzowy
    • Ec.25734
    • c
    • Sygnatura
    • Ec.1840
    • d
    • Lokalizacja
    • BE Biblioteka Ekonomiczna
    • i
    • Nr tomu wydaw.cg
    • 607 (1973)
    • p
    • Kod kreskowy
    • 2003200257340
    • v
    • Data wprowadzenia opisu
    • 2026-04-23
    • y
    • Status udostępniania
    • Tylko na miejscu
952 -Egzemplarz [ , ]
    • a
    • Numer inwentarzowy
    • Ec.25735
    • c
    • Sygnatura
    • Ec.1840
    • d
    • Lokalizacja
    • BE Biblioteka Ekonomiczna
    • i
    • Nr tomu wydaw.cg
    • 609 (1974)
    • p
    • Kod kreskowy
    • 2003200257357
    • v
    • Data wprowadzenia opisu
    • 2026-04-23
    • y
    • Status udostępniania
    • Tylko na miejscu
952 -Egzemplarz [ , ]
    • a
    • Numer inwentarzowy
    • Ec.31229
    • c
    • Sygnatura
    • Ec.1840
    • d
    • Lokalizacja
    • BE Biblioteka Ekonomiczna
    • i
    • Nr tomu wydaw.cg
    • 609 (1974)
    • p
    • Kod kreskowy
    • 2003200312292
    • v
    • Data wprowadzenia opisu
    • 2026-04-23
    • y
    • Status udostępniania
    • Tylko na miejscu
952 -Egzemplarz [ , ]
    • a
    • Numer inwentarzowy
    • Ec.25784
    • c
    • Sygnatura
    • Ec.1840
    • d
    • Lokalizacja
    • BE Biblioteka Ekonomiczna
    • i
    • Nr tomu wydaw.cg
    • 613 (1974)
    • p
    • Kod kreskowy
    • 2003200257845
    • v
    • Data wprowadzenia opisu
    • 2026-04-23
    • y
    • Status udostępniania
    • Tylko na miejscu
952 -Egzemplarz [ , ]
    • a
    • Numer inwentarzowy
    • Ec.27205
    • c
    • Sygnatura
    • Ec.1840
    • d
    • Lokalizacja
    • BE Biblioteka Ekonomiczna
    • i
    • Nr tomu wydaw.cg
    • 614 (1974)
    • p
    • Kod kreskowy
    • 2003200272053
    • v
    • Data wprowadzenia opisu
    • 2026-04-23
    • y
    • Status udostępniania
    • Tylko na miejscu
952 -Egzemplarz [ , ]
    • a
    • Numer inwentarzowy
    • Ec.27206
    • c
    • Sygnatura
    • Ec.1840
    • d
    • Lokalizacja
    • BE Biblioteka Ekonomiczna
    • i
    • Nr tomu wydaw.cg
    • 616 (1974)
    • p
    • Kod kreskowy
    • 2003200272060
    • v
    • Data wprowadzenia opisu
    • 2026-04-23
    • y
    • Status udostępniania
    • Tylko na miejscu
952 -Egzemplarz [ , ]
    • a
    • Numer inwentarzowy
    • Ec.25785
    • c
    • Sygnatura
    • Ec.1840
    • d
    • Lokalizacja
    • BE Biblioteka Ekonomiczna
    • i
    • Nr tomu wydaw.cg
    • 618 (1974)
    • p
    • Kod kreskowy
    • 2003200257852
    • v
    • Data wprowadzenia opisu
    • 2026-04-23
    • y
    • Status udostępniania
    • Tylko na miejscu
952 -Egzemplarz [ , ]
    • a
    • Numer inwentarzowy
    • Ec.27199
    • c
    • Sygnatura
    • Ec.1840
    • d
    • Lokalizacja
    • BE Biblioteka Ekonomiczna
    • i
    • Nr tomu wydaw.cg
    • 627 (1976)
    • p
    • Kod kreskowy
    • 2003200271995
    • v
    • Data wprowadzenia opisu
    • 2026-04-23
    • y
    • Status udostępniania
    • Tylko na miejscu
952 -Egzemplarz [ , ]
    • a
    • Numer inwentarzowy
    • Ec.28931
    • c
    • Sygnatura
    • Ec.1840
    • d
    • Lokalizacja
    • BE Biblioteka Ekonomiczna
    • i
    • Nr tomu wydaw.cg
    • 628 (1976)
    • p
    • Kod kreskowy
    • 2003200289310
    • v
    • Data wprowadzenia opisu
    • 2026-04-23
    • y
    • Status udostępniania
    • Tylko na miejscu
952 -Egzemplarz [ , ]
    • a
    • Numer inwentarzowy
    • Ec.28932
    • c
    • Sygnatura
    • Ec.1840
    • d
    • Lokalizacja
    • BE Biblioteka Ekonomiczna
    • i
    • Nr tomu wydaw.cg
    • 631 (1976)
    • p
    • Kod kreskowy
    • 2003200289327
    • v
    • Data wprowadzenia opisu
    • 2026-04-23
    • y
    • Status udostępniania
    • Tylko na miejscu
952 -Egzemplarz [ , ]
    • a
    • Numer inwentarzowy
    • Ec.28933
    • c
    • Sygnatura
    • Ec.1840
    • d
    • Lokalizacja
    • BE Biblioteka Ekonomiczna
    • i
    • Nr tomu wydaw.cg
    • 632 (1976)
    • p
    • Kod kreskowy
    • 2003200289334
    • v
    • Data wprowadzenia opisu
    • 2026-04-23
    • y
    • Status udostępniania
    • Tylko na miejscu
952 -Egzemplarz [ , ]
    • a
    • Numer inwentarzowy
    • Ec.28934
    • c
    • Sygnatura
    • Ec.1840
    • d
    • Lokalizacja
    • BE Biblioteka Ekonomiczna
    • i
    • Nr tomu wydaw.cg
    • 633 (1976)
    • p
    • Kod kreskowy
    • 2003200289341
    • v
    • Data wprowadzenia opisu
    • 2026-04-23
    • y
    • Status udostępniania
    • Tylko na miejscu
952 -Egzemplarz [ , ]
    • a
    • Numer inwentarzowy
    • Ec.30999
    • c
    • Sygnatura
    • Ec.1840
    • d
    • Lokalizacja
    • BE Biblioteka Ekonomiczna
    • i
    • Nr tomu wydaw.cg
    • 634 (1974)
    • p
    • Kod kreskowy
    • 2003200309995
    • v
    • Data wprowadzenia opisu
    • 2026-04-23
    • y
    • Status udostępniania
    • Tylko na miejscu
952 -Egzemplarz [ , ]
    • a
    • Numer inwentarzowy
    • Ec.40825
    • c
    • Sygnatura
    • Ec.1840
    • d
    • Lokalizacja
    • BE Biblioteka Ekonomiczna
    • i
    • Nr tomu wydaw.cg
    • 634 (1977)
    • p
    • Kod kreskowy
    • 2003200408254
    • v
    • Data wprowadzenia opisu
    • 2026-04-23
    • y
    • Status udostępniania
    • Tylko na miejscu
952 -Egzemplarz [ , ]
    • a
    • Numer inwentarzowy
    • Ec.30998
    • c
    • Sygnatura
    • Ec.1840
    • d
    • Lokalizacja
    • BE Biblioteka Ekonomiczna
    • i
    • Nr tomu wydaw.cg
    • 637 (1977)
    • p
    • Kod kreskowy
    • 2003200309988
    • v
    • Data wprowadzenia opisu
    • 2026-04-23
    • y
    • Status udostępniania
    • Tylko na miejscu
952 -Egzemplarz [ , ]
    • a
    • Numer inwentarzowy
    • Ec.30997
    • c
    • Sygnatura
    • Ec.1840
    • d
    • Lokalizacja
    • BE Biblioteka Ekonomiczna
    • i
    • Nr tomu wydaw.cg
    • 640 (1978)
    • p
    • Kod kreskowy
    • 2003200309971
    • v
    • Data wprowadzenia opisu
    • 2026-04-23
    • y
    • Status udostępniania
    • Tylko na miejscu
952 -Egzemplarz [ , ]
    • a
    • Numer inwentarzowy
    • Ec.31071
    • c
    • Sygnatura
    • Ec.1840
    • d
    • Lokalizacja
    • BE Biblioteka Ekonomiczna
    • i
    • Nr tomu wydaw.cg
    • 641 (1978)
    • p
    • Kod kreskowy
    • 2003200310717
    • v
    • Data wprowadzenia opisu
    • 2026-04-23
    • y
    • Status udostępniania
    • Tylko na miejscu
952 -Egzemplarz [ , ]
    • a
    • Numer inwentarzowy
    • Ec.33128
    • c
    • Sygnatura
    • Ec.1840
    • d
    • Lokalizacja
    • BE Biblioteka Ekonomiczna
    • i
    • Nr tomu wydaw.cg
    • 651 (1980)
    • p
    • Kod kreskowy
    • 2003200331286
    • v
    • Data wprowadzenia opisu
    • 2026-04-23
    • y
    • Status udostępniania
    • Tylko na miejscu
952 -Egzemplarz [ , ]
    • a
    • Numer inwentarzowy
    • Ec.33621
    • c
    • Sygnatura
    • Ec.1840
    • d
    • Lokalizacja
    • BE Biblioteka Ekonomiczna
    • i
    • Nr tomu wydaw.cg
    • 660 (1981)
    • p
    • Kod kreskowy
    • 2003200336212
    • v
    • Data wprowadzenia opisu
    • 2026-04-23
    • y
    • Status udostępniania
    • Tylko na miejscu
952 -Egzemplarz [ , ]
    • a
    • Numer inwentarzowy
    • Ec.33525
    • c
    • Sygnatura
    • Ec.1840
    • d
    • Lokalizacja
    • BE Biblioteka Ekonomiczna
    • i
    • Nr tomu wydaw.cg
    • 656 (1981)
    • p
    • Kod kreskowy
    • 2003200335253
    • v
    • Data wprowadzenia opisu
    • 2026-04-23
    • y
    • Status udostępniania
    • Tylko na miejscu
952 -Egzemplarz [ , ]
    • a
    • Numer inwentarzowy
    • Ec.34821
    • c
    • Sygnatura
    • Ec.1840
    • d
    • Lokalizacja
    • BE Biblioteka Ekonomiczna
    • i
    • Nr tomu wydaw.cg
    • 669 (1982)
    • p
    • Kod kreskowy
    • 2003200348215
    • v
    • Data wprowadzenia opisu
    • 2026-04-23
    • y
    • Status udostępniania
    • Tylko na miejscu
952 -Egzemplarz [ , ]
    • a
    • Numer inwentarzowy
    • Ec.39087
    • c
    • Sygnatura
    • Ec.1840
    • d
    • Lokalizacja
    • BE Biblioteka Ekonomiczna
    • i
    • Nr tomu wydaw.cg
    • 672 (1983)
    • p
    • Kod kreskowy
    • 2003200390870
    • v
    • Data wprowadzenia opisu
    • 2026-04-23
    • y
    • Status udostępniania
    • Tylko na miejscu
952 -Egzemplarz [ , ]
    • a
    • Numer inwentarzowy
    • Ec.39088
    • c
    • Sygnatura
    • Ec.1840
    • d
    • Lokalizacja
    • BE Biblioteka Ekonomiczna
    • i
    • Nr tomu wydaw.cg
    • 677 (1984)
    • p
    • Kod kreskowy
    • 2003200390887
    • v
    • Data wprowadzenia opisu
    • 2026-04-23
    • y
    • Status udostępniania
    • Tylko na miejscu
952 -Egzemplarz [ , ]
    • a
    • Numer inwentarzowy
    • Ec.39089
    • c
    • Sygnatura
    • Ec.1840
    • d
    • Lokalizacja
    • BE Biblioteka Ekonomiczna
    • i
    • Nr tomu wydaw.cg
    • 679 (1984)
    • p
    • Kod kreskowy
    • 2003200390894
    • v
    • Data wprowadzenia opisu
    • 2026-04-23
    • y
    • Status udostępniania
    • Tylko na miejscu
952 -Egzemplarz [ , ]
    • a
    • Numer inwentarzowy
    • Ec.33173
    • c
    • Sygnatura
    • Ec.1840
    • d
    • Lokalizacja
    • BE Biblioteka Ekonomiczna
    • i
    • Nr tomu wydaw.cg
    • 654 (1980)
    • p
    • Kod kreskowy
    • 2003200331736
    • v
    • Data wprowadzenia opisu
    • 2026-04-23
    • y
    • Status udostępniania
    • Tylko na miejscu
952 -Egzemplarz [ , ]
    • a
    • Numer inwentarzowy
    • Ec.39501
    • c
    • Sygnatura
    • Ec.1840
    • d
    • Lokalizacja
    • BE Biblioteka Ekonomiczna
    • i
    • Nr tomu wydaw.cg
    • 681 (1984)
    • p
    • Kod kreskowy
    • 2003200395011
    • r
    • Cena
    • 0.00
    • v
    • Data wprowadzenia opisu
    • 2026-04-24
    • y
    • Status udostępniania
    • Tylko na miejscu
952 -Egzemplarz [ , ]
    • a
    • Numer inwentarzowy
    • T.3743
    • d
    • Lokalizacja
    • T Biblioteka Kampusowa Cukrowa EFZ
    • e
    • Akcesja
    • 99d189/10
    • i
    • Nr tomu wydaw.cg
    • 681 (1984)
    • p
    • Kod kreskowy
    • 2001200037436
    • r
    • Cena
    • 2.00
    • w
    • Data inwentaryzacji
    • 2000-12-12
    • y
    • Status udostępniania
    • miesięczne
    • z
    • Sposób nabycia
    • dary zwarte
952 -Egzemplarz [ , ]
    • a
    • Numer inwentarzowy
    • Ec.39090
    • c
    • Sygnatura
    • Ec.1840
    • d
    • Lokalizacja
    • BE Biblioteka Ekonomiczna
    • i
    • Nr tomu wydaw.cg
    • 683 (1984)
    • p
    • Kod kreskowy
    • 2003200390900
    • v
    • Data wprowadzenia opisu
    • 2026-04-24
    • y
    • Status udostępniania
    • Tylko na miejscu
952 -Egzemplarz [ , ]
    • a
    • Numer inwentarzowy
    • Ec.39502
    • c
    • Sygnatura
    • Ec.1840
    • d
    • Lokalizacja
    • BE Biblioteka Ekonomiczna
    • i
    • Nr tomu wydaw.cg
    • 684 (1984)
    • p
    • Kod kreskowy
    • 2003200395028
    • v
    • Data wprowadzenia opisu
    • 2026-04-24
    • y
    • Status udostępniania
    • Tylko na miejscu
952 -Egzemplarz [ , ]
    • a
    • Numer inwentarzowy
    • Ec.39503
    • c
    • Sygnatura
    • Ec.1840
    • d
    • Lokalizacja
    • BE Biblioteka Ekonomiczna
    • i
    • Nr tomu wydaw.cg
    • 685 (1985)
    • p
    • Kod kreskowy
    • 2003200395035
    • v
    • Data wprowadzenia opisu
    • 2026-04-24
    • y
    • Status udostępniania
    • Tylko na miejscu
952 -Egzemplarz [ , ]
    • a
    • Numer inwentarzowy
    • Ec.39091
    • c
    • Sygnatura
    • Ec.1840
    • d
    • Lokalizacja
    • BE Biblioteka Ekonomiczna
    • i
    • Nr tomu wydaw.cg
    • 686 (1985)
    • p
    • Kod kreskowy
    • 2003200390917
    • v
    • Data wprowadzenia opisu
    • 2026-04-24
    • y
    • Status udostępniania
    • Tylko na miejscu
952 -Egzemplarz [ , ]
    • a
    • Numer inwentarzowy
    • Ec.39092
    • c
    • Sygnatura
    • EC.1840
    • d
    • Lokalizacja
    • BE Biblioteka Ekonomiczna
    • i
    • Nr tomu wydaw.cg
    • 688 (1985)
    • p
    • Kod kreskowy
    • 2003200390924
    • v
    • Data wprowadzenia opisu
    • 2026-04-24
    • y
    • Status udostępniania
    • Tylko na miejscu
952 -Egzemplarz [ , ]
    • a
    • Numer inwentarzowy
    • Ec.39504
    • c
    • Sygnatura
    • Ec.1840
    • d
    • Lokalizacja
    • BE Biblioteka Ekonomiczna
    • i
    • Nr tomu wydaw.cg
    • 689 (1985)
    • p
    • Kod kreskowy
    • 2003200395042
    • r
    • Cena
    • 0.00
    • v
    • Data wprowadzenia opisu
    • 2026-04-24
    • y
    • Status udostępniania
    • Tylko na miejscu
952 -Egzemplarz [ , ]
    • a
    • Numer inwentarzowy
    • N.12994
    • d
    • Lokalizacja
    • BG Dział Udostępniania Biblioteka Główna
    • i
    • Nr tomu wydaw.cg
    • 689 (1985)
    • p
    • Kod kreskowy
    • 2002300129946
    • r
    • Cena
    • 0.00
    • w
    • Data inwentaryzacji
    • 2000-07-11
    • y
    • Status udostępniania
    • Tylko na miejscu
952 -Egzemplarz [ , ]
    • a
    • Numer inwentarzowy
    • Ec.39093
    • c
    • Sygnatura
    • Ec.1840
    • d
    • Lokalizacja
    • BE Biblioteka Ekonomiczna
    • i
    • Nr tomu wydaw.cg
    • 690 (1985)
    • p
    • Kod kreskowy
    • 2003200390931
    • v
    • Data wprowadzenia opisu
    • 2026-04-24
    • y
    • Status udostępniania
    • Tylko na miejscu
952 -Egzemplarz [ , ]
    • a
    • Numer inwentarzowy
    • Ec.39505
    • c
    • Sygnatura
    • Ec.1840
    • d
    • Lokalizacja
    • BE Biblioteka Ekonomiczna
    • i
    • Nr tomu wydaw.cg
    • 691 (1985)
    • p
    • Kod kreskowy
    • 2003200395059
    • v
    • Data wprowadzenia opisu
    • 2026-04-24
    • y
    • Status udostępniania
    • Tylko na miejscu
952 -Egzemplarz [ , ]
    • a
    • Numer inwentarzowy
    • Ec.39094
    • c
    • Sygnatura
    • Ec.1840
    • d
    • Lokalizacja
    • BE Biblioteka Ekonomiczna
    • i
    • Nr tomu wydaw.cg
    • 692 (1985)
    • p
    • Kod kreskowy
    • 2003200390948
    • v
    • Data wprowadzenia opisu
    • 2026-04-24
    • y
    • Status udostępniania
    • Tylko na miejscu
952 -Egzemplarz [ , ]
    • a
    • Numer inwentarzowy
    • Ec.39506
    • c
    • Sygnatura
    • Ec.1840
    • d
    • Lokalizacja
    • BE Biblioteka Ekonomiczna
    • i
    • Nr tomu wydaw.cg
    • 693 (1986)
    • p
    • Kod kreskowy
    • 2003200395066
    • v
    • Data wprowadzenia opisu
    • 2026-04-24
    • y
    • Status udostępniania
    • Tylko na miejscu
952 -Egzemplarz [ , ]
    • a
    • Numer inwentarzowy
    • Ec.39507
    • c
    • Sygnatura
    • Ec.1840
    • d
    • Lokalizacja
    • BE Biblioteka Ekonomiczna
    • i
    • Nr tomu wydaw.cg
    • 694 (1986)
    • p
    • Kod kreskowy
    • 2003200395073
    • r
    • Cena
    • 0.00
    • v
    • Data wprowadzenia opisu
    • 2026-04-24
    • y
    • Status udostępniania
    • Tylko na miejscu
952 -Egzemplarz [ , ]
    • a
    • Numer inwentarzowy
    • SA.3557
    • c
    • Sygnatura
    • SA.3557
    • d
    • Lokalizacja
    • BSA Biblioteka Wydziału Prawa i Administracji im. prof. Stanisława Czepity
    • i
    • Nr tomu wydaw.cg
    • 694 (1986)
    • p
    • Kod kreskowy
    • 2002000035578
    • r
    • Cena
    • 684.00
    • v
    • Data wprowadzenia opisu
    • 2020-04-07
    • y
    • Status udostępniania
    • Tylko na miejscu
    • z
    • Sposób nabycia
    • kupno zwarte
952 -Egzemplarz [ , ]
    • a
    • Numer inwentarzowy
    • Ec.39095
    • c
    • Sygnatura
    • Ec.1840
    • d
    • Lokalizacja
    • BE Biblioteka Ekonomiczna
    • i
    • Nr tomu wydaw.cg
    • 695 (1986)
    • p
    • Kod kreskowy
    • 2003200390955
    • v
    • Data wprowadzenia opisu
    • 2026-04-24
    • y
    • Status udostępniania
    • Tylko na miejscu
952 -Egzemplarz [ , ]
    • a
    • Numer inwentarzowy
    • Ec.39508
    • c
    • Sygnatura
    • Ec.1840
    • d
    • Lokalizacja
    • BE Biblioteka Ekonomiczna
    • i
    • Nr tomu wydaw.cg
    • 696 (1987)
    • p
    • Kod kreskowy
    • 2003200395080
    • v
    • Data wprowadzenia opisu
    • 2026-04-24
    • y
    • Status udostępniania
    • Tylko na miejscu
952 -Egzemplarz [ , ]
    • a
    • Numer inwentarzowy
    • Ec.39509
    • c
    • Sygnatura
    • Ec.1840
    • d
    • Lokalizacja
    • BE Biblioteka Ekonomiczna
    • i
    • Nr tomu wydaw.cg
    • 697 (1986)
    • p
    • Kod kreskowy
    • 2003200395097
    • r
    • Cena
    • 0.00
    • v
    • Data wprowadzenia opisu
    • 2026-04-24
    • y
    • Status udostępniania
    • Tylko na miejscu
952 -Egzemplarz [ , ]
    • a
    • Numer inwentarzowy
    • N.12995
    • d
    • Lokalizacja
    • BG Dział Udostępniania Biblioteka Główna
    • i
    • Nr tomu wydaw.cg
    • 697 (1986)
    • p
    • Kod kreskowy
    • 2002300129953
    • r
    • Cena
    • 0.00
    • w
    • Data inwentaryzacji
    • 2000-07-11
    • y
    • Status udostępniania
    • Tylko na miejscu
952 -Egzemplarz [ , ]
    • a
    • Numer inwentarzowy
    • Ec.40824
    • c
    • Sygnatura
    • Ec.1840
    • d
    • Lokalizacja
    • BE Biblioteka Ekonomiczna
    • i
    • Nr tomu wydaw.cg
    • 700 (1988)
    • p
    • Kod kreskowy
    • 2003200408247
    • v
    • Data wprowadzenia opisu
    • 2026-04-24
    • y
    • Status udostępniania
    • Tylko na miejscu
952 -Egzemplarz [ , ]
    • a
    • Numer inwentarzowy
    • Bl.4563
    • d
    • Lokalizacja
    • BG Dział Udostępniania Biblioteka Główna
    • i
    • Nr tomu wydaw.cg
    • 702 (1989)
    • p
    • Kod kreskowy
    • 2002400045634
    • r
    • Cena
    • 7000.00
    • w
    • Data inwentaryzacji
    • 2000-07-11
    • y
    • Status udostępniania
    • miesięczne
952 -Egzemplarz [ , ]
    • a
    • Numer inwentarzowy
    • Ec.43114
    • c
    • Sygnatura
    • Ec.1840
    • d
    • Lokalizacja
    • BE Biblioteka Ekonomiczna
    • i
    • Nr tomu wydaw.cg
    • 703 (1989)
    • p
    • Kod kreskowy
    • 2003200431146
    • r
    • Cena
    • 0.00
    • v
    • Data wprowadzenia opisu
    • 2026-04-24
    • y
    • Status udostępniania
    • Tylko na miejscu
952 -Egzemplarz [ , ]
    • a
    • Numer inwentarzowy
    • Bl.4561
    • d
    • Lokalizacja
    • BG Dział Udostępniania Biblioteka Główna
    • i
    • Nr tomu wydaw.cg
    • 703 (1989)
    • p
    • Kod kreskowy
    • 2002400045610
    • r
    • Cena
    • 8000.00
    • v
    • Data wprowadzenia opisu
    • 2017-11-13
    • y
    • Status udostępniania
    • miesięczne
952 -Egzemplarz [ , ]
    • a
    • Numer inwentarzowy
    • Ec.43113
    • c
    • Sygnatura
    • Ec.1840
    • d
    • Lokalizacja
    • BE Biblioteka Ekonomiczna
    • i
    • Nr tomu wydaw.cg
    • 702 (1989)
    • p
    • Kod kreskowy
    • 2003200431139
    • r
    • Cena
    • 0.00
    • v
    • Data wprowadzenia opisu
    • 2026-04-24
    • y
    • Status udostępniania
    • Tylko na miejscu
952 -Egzemplarz [ , ]
    • a
    • Numer inwentarzowy
    • Ec.43115
    • c
    • Sygnatura
    • Ec.1840
    • d
    • Lokalizacja
    • BE Biblioteka Ekonomiczna
    • i
    • Nr tomu wydaw.cg
    • 704 (1989)
    • p
    • Kod kreskowy
    • 2003200431153
    • v
    • Data wprowadzenia opisu
    • 2026-04-24
    • y
    • Status udostępniania
    • Tylko na miejscu
952 -Egzemplarz [ , ]
    • a
    • Numer inwentarzowy
    • Ec.43116
    • c
    • Sygnatura
    • Ec.1840
    • d
    • Lokalizacja
    • BE Biblioteka Ekonomiczna
    • i
    • Nr tomu wydaw.cg
    • 705 (1989)
    • p
    • Kod kreskowy
    • 2003200431160
    • v
    • Data wprowadzenia opisu
    • 2026-04-24
    • y
    • Status udostępniania
    • Tylko na miejscu
952 -Egzemplarz [ , ]
    • a
    • Numer inwentarzowy
    • Ec.43117
    • c
    • Sygnatura
    • Ec.1840
    • d
    • Lokalizacja
    • BE Biblioteka Ekonomiczna
    • i
    • Nr tomu wydaw.cg
    • 707 (1990)
    • p
    • Kod kreskowy
    • 2003200431177
    • v
    • Data wprowadzenia opisu
    • 2026-04-24
    • y
    • Status udostępniania
    • Tylko na miejscu
952 -Egzemplarz [ , ]
    • a
    • Numer inwentarzowy
    • Ec.43118
    • c
    • Sygnatura
    • Ec.1840
    • d
    • Lokalizacja
    • BE Biblioteka Ekonomiczna
    • i
    • Nr tomu wydaw.cg
    • 709 (1990)
    • p
    • Kod kreskowy
    • 2003200431184
    • v
    • Data wprowadzenia opisu
    • 2026-04-24
    • y
    • Status udostępniania
    • Tylko na miejscu
952 -Egzemplarz [ , ]
    • a
    • Numer inwentarzowy
    • Ec.43119
    • c
    • Sygnatura
    • Ec.1840
    • d
    • Lokalizacja
    • BE Biblioteka Ekonomiczna
    • i
    • Nr tomu wydaw.cg
    • 710 (1990)
    • p
    • Kod kreskowy
    • 2003200431191
    • r
    • Cena
    • 0.00
    • v
    • Data wprowadzenia opisu
    • 2026-04-24
    • y
    • Status udostępniania
    • Tylko na miejscu
952 -Egzemplarz [ , ]
    • a
    • Numer inwentarzowy
    • TS.70771
    • d
    • Lokalizacja
    • T Biblioteka Kampusowa Cukrowa EFZ
    • i
    • Nr tomu wydaw.cg
    • 710 (1990)
    • p
    • Kod kreskowy
    • 2001400707719
    • r
    • Cena
    • 0.00
    • w
    • Data inwentaryzacji
    • 1999-02-03
    • y
    • Status udostępniania
    • miesięczne
952 -Egzemplarz [ , ]
    • a
    • Numer inwentarzowy
    • E.59718
    • d
    • Lokalizacja
    • BE Biblioteka Ekonomiczna
    • p
    • Kod kreskowy
    • 2001000597185
    • w
    • Data inwentaryzacji
    • 1999-02-03
    • y
    • Status udostępniania
    • Niedostępne
    • g
    • Ubytek
    • 52/2012 - 2012-05-30
952 -Egzemplarz [ , ]
    • a
    • Numer inwentarzowy
    • TS.70770
    • d
    • Lokalizacja
    • T Biblioteka Kampusowa Cukrowa EFZ
    • e
    • Akcesja
    • p
    • Kod kreskowy
    • 2001400707702
    • r
    • Cena
    • 0
    • v
    • Data wprowadzenia opisu
    • w
    • Data inwentaryzacji
    • 1999-02-03
    • y
    • Status udostępniania
    • miesięczne
    • g
    • Ubytek
    • 82/2010 - 2010-09-13
952 -Egzemplarz [ , ]
    • a
    • Numer inwentarzowy
    • TS.70769
    • d
    • Lokalizacja
    • T Biblioteka Kampusowa Cukrowa EFZ
    • e
    • Akcesja
    • p
    • Kod kreskowy
    • 2001400707696
    • r
    • Cena
    • 0
    • v
    • Data wprowadzenia opisu
    • w
    • Data inwentaryzacji
    • 1999-02-03
    • y
    • Status udostępniania
    • miesięczne
    • g
    • Ubytek
    • 82/2010 - 2010-09-13
952 -Egzemplarz [ , ]
    • a
    • Numer inwentarzowy
    • TS.70768
    • d
    • Lokalizacja
    • T Biblioteka Kampusowa Cukrowa EFZ
    • e
    • Akcesja
    • p
    • Kod kreskowy
    • 2001400707689
    • r
    • Cena
    • 0
    • v
    • Data wprowadzenia opisu
    • w
    • Data inwentaryzacji
    • 1999-02-03
    • y
    • Status udostępniania
    • miesięczne
    • g
    • Ubytek
    • 82/2010 - 2010-09-13
952 -Egzemplarz [ , ]
    • a
    • Numer inwentarzowy
    • TS.70764
    • d
    • Lokalizacja
    • T Biblioteka Kampusowa Cukrowa EFZ
    • e
    • Akcesja
    • p
    • Kod kreskowy
    • 2001400707641
    • r
    • Cena
    • 0
    • v
    • Data wprowadzenia opisu
    • w
    • Data inwentaryzacji
    • 1999-02-03
    • y
    • Status udostępniania
    • miesięczne
    • g
    • Ubytek
    • 82/2010 - 2010-09-13
952 -Egzemplarz [ , ]
    • a
    • Numer inwentarzowy
    • TS.70763
    • d
    • Lokalizacja
    • T Biblioteka Kampusowa Cukrowa EFZ
    • e
    • Akcesja
    • p
    • Kod kreskowy
    • 2001400707634
    • r
    • Cena
    • 0
    • v
    • Data wprowadzenia opisu
    • w
    • Data inwentaryzacji
    • 1999-02-03
    • y
    • Status udostępniania
    • miesięczne
    • g
    • Ubytek
    • 82/2010 - 2010-09-13
952 -Egzemplarz [ , ]
    • a
    • Numer inwentarzowy
    • TS.70762
    • d
    • Lokalizacja
    • T Biblioteka Kampusowa Cukrowa EFZ
    • e
    • Akcesja
    • p
    • Kod kreskowy
    • 2001400707627
    • r
    • Cena
    • 0
    • v
    • Data wprowadzenia opisu
    • w
    • Data inwentaryzacji
    • 1999-02-03
    • y
    • Status udostępniania
    • miesięczne
    • g
    • Ubytek
    • 82/2010 - 2010-09-13
952 -Egzemplarz [ , ]
    • a
    • Numer inwentarzowy
    • TS.70757
    • d
    • Lokalizacja
    • T Biblioteka Kampusowa Cukrowa EFZ
    • e
    • Akcesja
    • p
    • Kod kreskowy
    • 2001400707573
    • r
    • Cena
    • 0
    • v
    • Data wprowadzenia opisu
    • w
    • Data inwentaryzacji
    • 1999-02-03
    • y
    • Status udostępniania
    • miesięczne
    • g
    • Ubytek
    • 82/2010 - 2010-09-13
952 -Egzemplarz [ , ]
    • a
    • Numer inwentarzowy
    • TS.70758
    • d
    • Lokalizacja
    • T Biblioteka Kampusowa Cukrowa EFZ
    • e
    • Akcesja
    • p
    • Kod kreskowy
    • 2001400707580
    • r
    • Cena
    • 0
    • v
    • Data wprowadzenia opisu
    • w
    • Data inwentaryzacji
    • 1999-02-03
    • y
    • Status udostępniania
    • miesięczne
    • g
    • Ubytek
    • 82/2010 - 2010-09-13
952 -Egzemplarz [ , ]
    • a
    • Numer inwentarzowy
    • TS.70759
    • d
    • Lokalizacja
    • T Biblioteka Kampusowa Cukrowa EFZ
    • e
    • Akcesja
    • p
    • Kod kreskowy
    • 2001400707597
    • r
    • Cena
    • 0
    • v
    • Data wprowadzenia opisu
    • w
    • Data inwentaryzacji
    • 1999-02-03
    • y
    • Status udostępniania
    • miesięczne
    • g
    • Ubytek
    • 82/2010 - 2010-09-13
952 -Egzemplarz [ , ]
    • a
    • Numer inwentarzowy
    • TS.70760
    • d
    • Lokalizacja
    • T Biblioteka Kampusowa Cukrowa EFZ
    • e
    • Akcesja
    • p
    • Kod kreskowy
    • 2001400707603
    • r
    • Cena
    • 0
    • v
    • Data wprowadzenia opisu
    • w
    • Data inwentaryzacji
    • 1999-02-03
    • y
    • Status udostępniania
    • miesięczne
    • g
    • Ubytek
    • 82/2010 - 2010-09-13
952 -Egzemplarz [ , ]
    • a
    • Numer inwentarzowy
    • TS.70761
    • d
    • Lokalizacja
    • T Biblioteka Kampusowa Cukrowa EFZ
    • e
    • Akcesja
    • p
    • Kod kreskowy
    • 2001400707610
    • r
    • Cena
    • 0
    • v
    • Data wprowadzenia opisu
    • w
    • Data inwentaryzacji
    • 1999-02-03
    • y
    • Status udostępniania
    • miesięczne
    • g
    • Ubytek
    • 82/2010 - 2010-09-13
952 -Egzemplarz [ , ]
    • a
    • Numer inwentarzowy
    • TS.70765
    • d
    • Lokalizacja
    • T Biblioteka Kampusowa Cukrowa EFZ
    • e
    • Akcesja
    • p
    • Kod kreskowy
    • 2001400707658
    • r
    • Cena
    • 0
    • v
    • Data wprowadzenia opisu
    • w
    • Data inwentaryzacji
    • 1999-02-03
    • y
    • Status udostępniania
    • miesięczne
    • g
    • Ubytek
    • 82/2010 - 2010-09-13
952 -Egzemplarz [ , ]
    • a
    • Numer inwentarzowy
    • TS.70766
    • d
    • Lokalizacja
    • T Biblioteka Kampusowa Cukrowa EFZ
    • e
    • Akcesja
    • p
    • Kod kreskowy
    • 2001400707665
    • r
    • Cena
    • 0
    • v
    • Data wprowadzenia opisu
    • w
    • Data inwentaryzacji
    • 1999-02-03
    • y
    • Status udostępniania
    • miesięczne
    • g
    • Ubytek
    • 82/2010 - 2010-09-13
952 -Egzemplarz [ , ]
    • a
    • Numer inwentarzowy
    • TS.70767
    • d
    • Lokalizacja
    • T Biblioteka Kampusowa Cukrowa EFZ
    • e
    • Akcesja
    • p
    • Kod kreskowy
    • 2001400707672
    • r
    • Cena
    • 0
    • v
    • Data wprowadzenia opisu
    • w
    • Data inwentaryzacji
    • 1999-02-03
    • y
    • Status udostępniania
    • miesięczne
    • g
    • Ubytek
    • 82/2010 - 2010-09-13
952 -Egzemplarz [ , ]
    • a
    • Numer inwentarzowy
    • Ec.31224
    • c
    • Sygnatura
    • Ec.1840
    • d
    • Lokalizacja
    • BE Biblioteka Ekonomiczna
    • i
    • Nr tomu wydaw.cg
    • 533 (1970)
    • p
    • Kod kreskowy
    • 2003200312247
    • v
    • Data wprowadzenia opisu
    • 2026-04-23
    • y
    • Status udostępniania
    • Tylko na miejscu
952 -Egzemplarz [ , ]
    • a
    • Numer inwentarzowy
    • Ec.43120
    • c
    • Sygnatura
    • Ec.1840
    • d
    • Lokalizacja
    • BE Biblioteka Ekonomiczna
    • i
    • Nr tomu wydaw.cg
    • 712 (1991)
    • p
    • Kod kreskowy
    • 2003200431207
    • v
    • Data wprowadzenia opisu
    • 2026-04-24
    • y
    • Status udostępniania
    • Tylko na miejscu
952 -Egzemplarz [ , ]
    • a
    • Numer inwentarzowy
    • Ec.43121
    • c
    • Sygnatura
    • Ec.1840
    • d
    • Lokalizacja
    • BE Biblioteka Ekonomiczna
    • i
    • Nr tomu wydaw.cg
    • 712 (1991)
    • p
    • Kod kreskowy
    • 2003200431214
    • v
    • Data wprowadzenia opisu
    • 2026-04-24
    • y
    • Status udostępniania
    • Tylko na miejscu
952 -Egzemplarz [ , ]
    • a
    • Numer inwentarzowy
    • Ec.42345
    • c
    • Sygnatura
    • Ec.1840
    • d
    • Lokalizacja
    • BE Biblioteka Ekonomiczna
    • i
    • Nr tomu wydaw.cg
    • 713 (1991)
    • p
    • Kod kreskowy
    • 2003200423455
    • v
    • Data wprowadzenia opisu
    • 2026-04-24
    • y
    • Status udostępniania
    • Tylko na miejscu
952 -Egzemplarz [ , ]
    • a
    • Numer inwentarzowy
    • Ec.42346
    • c
    • Sygnatura
    • Ec.1840
    • d
    • Lokalizacja
    • BE Biblioteka Ekonomiczna
    • i
    • Nr tomu wydaw.cg
    • 714 (1992)
    • p
    • Kod kreskowy
    • 2003200423462
    • v
    • Data wprowadzenia opisu
    • 2026-04-24
    • y
    • Status udostępniania
    • Tylko na miejscu
952 -Egzemplarz [ , ]
    • a
    • Numer inwentarzowy
    • Ec.42347
    • c
    • Sygnatura
    • Ec.1840
    • d
    • Lokalizacja
    • BE Biblioteka Ekonomiczna
    • g
    • Ubytek
    • 12/2010 - 2010-10-26
    • i
    • Nr tomu wydaw.cg
    • 715 (1992)
    • p
    • Kod kreskowy
    • 2003200423479
    • v
    • Data wprowadzenia opisu
    • 2026-04-24
    • y
    • Status udostępniania
    • Tylko na miejscu
952 -Egzemplarz [ , ]
    • a
    • Numer inwentarzowy
    • Ec.45401
    • c
    • Sygnatura
    • Ec.1840
    • d
    • Lokalizacja
    • BE Biblioteka Ekonomiczna
    • i
    • Nr tomu wydaw.cg
    • 727 (1995)
    • p
    • Kod kreskowy
    • 2003200454015
    • v
    • Data wprowadzenia opisu
    • 2026-04-24
    • y
    • Status udostępniania
    • Tylko na miejscu
952 -Egzemplarz [ , ]
    • a
    • Numer inwentarzowy
    • Ec.48717
    • c
    • Sygnatura
    • Ec.1840
    • d
    • Lokalizacja
    • BE Biblioteka Ekonomiczna
    • i
    • Nr tomu wydaw.cg
    • 737 (1999)
    • p
    • Kod kreskowy
    • 2003200487174
    • v
    • Data wprowadzenia opisu
    • 2026-04-24
    • y
    • Status udostępniania
    • Tylko na miejscu
952 -Egzemplarz [ , ]
    • a
    • Numer inwentarzowy
    • Ec.35887
    • c
    • Sygnatura
    • Ec.1840
    • d
    • Lokalizacja
    • BE Biblioteka Ekonomiczna
    • i
    • Nr tomu wydaw.cg
    • 728 (1995)
    • p
    • Kod kreskowy
    • 2003200358870
    • v
    • Data wprowadzenia opisu
    • 2026-04-24
    • y
    • Status udostępniania
    • Tylko na miejscu
Uwagi dla czytelnika
Wybrane zagadnienia technologiczne i techniczne portowych baz przeładunkowo-składowych siarki
Program obliczeń optymalnych parametrów i wyników finansowych statków przystosowanych do przyspieszonego ładunku
Rachunek ekonomicznej efektywności inwestycji produkcyjnych w portach morskich
Wytyczne do organizacji remontu statków rybackich do 1985 roku dla przedsiębiorstw połowowych
Zagadnienia odpowiedzialności prawnej przewoźnika morskiego przy przewozie ładunków w kontenerach
Ekonomiczne przesłanki wyboru okresu amortyzacji statku towarowego
Kryteria i metody określania optymalnej wielkości potencjału usługowego portu morskiego
Przesłanki ekonomiczne lokalizacji punktów transportowych ze szczególnym uwzględnieniem portu morskiego
Prognozowanie rozwoju systemów portowych
Żegluga morska w gospodarce narodowej Finlandii
Metody optymalizacji dwuprzebiegowych linii żeglugowych
Model symulacyjny morskich systemów przewozu drobnicy
Ekonometryczne prognozy sprawności technicznej statków trampowych
Ekonomiczne problemy rozwoju transportu morskiego
Kryteria i metody określania stopnia zużycia infrastruktury ekonomicznej portu morskiego
Metody badania kosztów obrotu portowego (na przykładzie portów polskich)
Zastosowanie statystyki matematycznej w badaniach morza
Wybrane zagadnienia prawa morskiego
Symulacja komputerowa systemów portowych
Rola spedycji międzynarodowej w obsłudze ładunków kontenerowych w portach polskich
XX-lecie Oddziału Instytutu Morskiego w Szczecinie
XX-lecie Oddziału Instytutu Morskiego w Szczecinie
Charakterystyki techniczne i perspektywy rozwoju statków parowych opalanych węglem
Wybrane zagadnienia realizacji programu oszczędnościowego w gospodarce morskiej
Skutki ekonomiczne stosowania Kodeksu Postępowania Konferencji Żeglugi Liniowej ONZ w świetle oceny rządów przewoźników morskich i zakładowców
Progi rozwojowe polskich portów morskich
Rozprzestrzenianie się ropy w morzu
Badania hydrotechniczne
Badania hydrotechniczne
Instytut Morski jako ważne ogniwo w polskiej gospodarce morskiej
Morskie prawo pracy w obcych systemach prawnych
Problemy obsługi tranzytu w obrocie przez porty morskie
Program symulacyjny podejmowania decyzji eksploatacyjnych w żegludze liniowej
Wybrane aspekty regionalizmu w prawie morza
Wybrane aspekty regionalizmu w prawie morza
XXVI Międzynarodowy Kongres Żeglugi, Bruksela 1985
Problemy ochrony brzegów Półwyspu Helskiego na tle ogólnych prawidłowości rozwoju kos
Badania hydrodynamiczne
Badania hydrodynamiczne
Węzłowe problemy funkcjonowania i rozwoju portów morskich
Badania hydrologii i hydrodynamiki ujścia Odry
Wpływ wiatru na przepływy w ujściach rzek
Wpływ wiatru na przepływy w ujściach rzek
Badania hydrologii i hydrodynamiki ujścia Odry
Wybrane problemy portów i żeglugi w rejonie ujścia Odry
Problemy prawne bezpieczeństwa żeglugi morskich urządzeń górniczych
Ocena relacji produkcyjnych w polskich portach morskich
Ocena relacji produkcyjnych w polskich portach morskich
Polskie orzecznictwo sądowe w sprawach morskich : wybrane orzecznictwo sądów województwa gdańskiego w latach 1963-1968
Spółka jako forma organizacyjnoprawna działalności gospodarczej
Rozmieszczenie i kierunki przewozów ładunków drobnicowych na zapleczu portów polskich
Metodyka doboru optymalnej struktury siłowni spalinowej towarowego statku morskiego
Wyniki eksploatacji silników średnio i szybkoobrotowych po zmianie rodzaju oleju napędowego z I na II
Problemy reformy systemu transportowego kraju ze szczególnym uwzględnieniem transportu morskiego w latach osiemdziesiątych
Niektóre możliwości wykorzystania i zagospodarowania dolnej Odry
The development's problems of the contemporary maritime navigaton